000
00331pam a2200157a 44500
008
230405s2000 xxu||||| |||| 00| 0 eng d
041
_a
ENG
100
_a
Harvey Maylor
245
_a
Project Management
250
_a
2
260
_a
_b
Pitman
_c
2000
300
_a
291P,24CM
440
_a
195
690
_a
MCA
906
_a
5309
999
_c
258168
_d
258168